Loading...
| Literature - British | 0 | 7 | 0 | 1 | 70 | 94 | 127.43 | 0 | 0 | 0.00 | 0.00 |
| History - World | 0 | 6 | 1 | 0 | 55 | 44 | 95.50 | 0 | 2 | 0.00 | 0.00 |
| Social Science | 0 | 6 | 1 | 3 | 55 | 89 | 112.00 | 0 | 2 | 0.00 | 0.00 |
| History - American | 0 | 5 | 0 | 1 | 50 | 101 | 118.00 | 0 | 0 | 0.00 | 0.00 |
| Any History | 0 | 5 | 1 | 0 | 45 | 52 | 106.20 | 0 | 1 | 0.00 | 0.00 |
| Fine Arts - Other | 0 | 5 | 1 | 0 | 45 | 85 | 108.60 | 0 | 1 | 0.00 | 0.00 |
| Literature - World | 0 | 5 | 2 | 0 | 40 | 94 | 103.40 | 0 | 1 | 0.00 | 0.00 |
| Religion | 0 | 4 | 0 | 1 | 40 | 47 | 72.50 | 0 | 3 | 0.00 | 0.00 |
| History - European | 0 | 3 | 0 | 2 | 30 | 88 | 118.00 | 0 | 0 | 0.00 | 0.00 |
| Philosophy | 0 | 3 | 0 | 0 | 30 | 104 | 123.00 | 0 | 0 | 0.00 | 0.00 |
| Literature - American | 0 | 4 | 2 | 2 | 30 | 111 | 135.25 | 0 | 0 | 0.00 | 0.00 |
| Current Events | 0 | 2 | 0 | 0 | 20 | 86 | 88.50 | 0 | 0 | 0.00 | 0.00 |
| Geography | 0 | 2 | 0 | 0 | 20 | 111 | 112.50 | 0 | 0 | 0.00 | 0.00 |
| Literature - European | 0 | 2 | 0 | 1 | 20 | 129 | 135.50 | 0 | 0 | 0.00 | 0.00 |
| Mythology | 0 | 2 | 0 | 0 | 20 | 89 | 114.00 | 0 | 1 | 0.00 | 0.00 |
| Science - Physics | 0 | 2 | 0 | 0 | 20 | 117 | 124.00 | 0 | 0 | 0.00 | 0.00 |
| Science - Other | 0 | 2 | 2 | 0 | 10 | 77 | 104.50 | 0 | 0 | 0.00 | 0.00 |
| Painting & Sculpture | 0 | 2 | 2 | 0 | 10 | 69 | 96.00 | 1 | 1 | 0.00 | 0.00 |
| Other Academic | 0 | 0 | 1 | 0 | -5 | 0.00 | 0 | 0 | 0.00 | 0.00 | |
| Fine Arts - Classical Music | 0 | 0 | 2 | 0 | -10 | 0.00 | 0 | 0 | 0.00 | 0.00 |